| 000 | 00987cam a2200301 c 4500 | ||
|---|---|---|---|
| 001 | |||
| 003 | DO-SdBNP | ||
| 005 | 20230724105330.0 | ||
| 008 | 110114s2010 sp | |||| 000 f spa | ||
| 020 | _a9788466643306 | ||
| 040 |
_aBPMSU _bspa _cBPMSU _e |
||
| 082 | 4 |
_a828.9943 _bS552u 2010 _2 22 |
|
| 100 | 1 | _aSheridan, Sara | |
| 245 | 1 | 3 |
_aUn amor prohibido / _cSara Sheridan ; traducción de Victoria Morera _h |
| 246 | 1 | 4 |
_aUn amor prohibido : _buna historia de pasión espionaje en la China de la Guerra de Opio |
| 260 |
_aBarcelona : _bEdiciones B, _c2010 |
||
| 300 |
_a402 p. ; _c23 cm |
||
| 490 | 0 | _aGrandes novelas | |
| 500 | _3Incluye datos biográficos de la autora en la solapa de la cubierta | ||
| 534 |
_aTítulo original : _tThe secret mandarin |
||
| 590 | _6Inventariado, 2023/VM | ||
| 650 | 4 | _aNovela escocesa | |
| 650 | 4 | _aNovela amorosa | |
| 650 | 4 |
_aEpionaje _vnovela |
|
| 910 | _aVMateo V. Control de calidad. BPMSU | ||
| 942 |
_2ddc _cBK |
||
| 956 | _a | ||
| 999 |
_c14445 _d14445 |
||